MARC

LEADER 00000nam0a2200000 4500
001 120493
005 20231101215619.0
010 |a 5020279668 
020 |a RU  |b 89-63175 
035 |a (RuTPU)RU\TPU\book\130474 
090 |a 120493 
100 |a 20070830d1989 m y0rusy5003 ca 
101 0 |a rus 
102 |a RU 
105 |a a z 001ay 
200 1 |a Картины прошедшего  |f А. В. Сухово-Кобылин  |g Академия Наук СССР; отв. за вып. Е. С. Калмановский и В. М. Селезнев 
210 |a Ленинград  |c Наука  |d 1989 
215 |a 358,[1] с., [4] л. ил.  |d 23 см 
225 1 |a Литературные памятники  |e ЛП 
320 |a Библиогр. в примеч.: с. 332-351 
327 1 |a Содерж.: Свадьба Кречинского: Комедия в 3 д.; Дело: Драма в 5 д.; Смерть Тарелкина: Комедия-шутка в 3 д. 
610 1 |a русская литература 
610 1 |a комедии 
675 |a Р1  |z rus  |v 3 
700 1 |a Сухово-Кобылин  |b А. В.  |c русский драматург  |c философ  |f 1817-1903  |g Александр Васильевич  |2 stltpush  |3 (RuTPU)RU\TPU\pers\14499  |9 4828 
702 1 |a Калмановский  |b Е. С.  |4 540 
702 1 |a Селезнев  |b В. М.  |4 540 
712 0 2 |a Академия Наук СССР  |2 stltpush  |3 (RuTPU)RU\TPU\col\722 
801 0 |a RU  |b RuMRKP  |c 19950417  |g psbo 
801 1 |a RU  |b 63413507  |c 20070830  |g PSBO 
801 2 |a RU  |b 63413507  |c 20070925  |g PSBO 
942 |c BK